Central Library and Information Centre
Sibsagar Girls' College, Sivasagar : Assam

JIBO RASAYAN (Record no. 3574)

MARC details
000 -LEADER
fixed length control field 00368cam a2200169ua 4500
008 - FIXED-LENGTH DATA ELEMENTS--GENERAL INFORMATION
fixed length control field 160623n II |||frmmmmZ001|0|asm
040 ## - CATALOGING SOURCE
Original cataloging agency MAIN
041 ## - LANGUAGE CODE
-- English
082 ## - DEWEY DECIMAL CLASSIFICATION NUMBER
Classification number 572 TAL
100 ## - MAIN ENTRY--PERSONAL NAME
Personal name TALUKDAR, ROBINDRA NATH.
245 ## - TITLE STATEMENT
Title JIBO RASAYAN
260 ## - PUBLICATION, DISTRIBUTION, ETC.
Place of publication, distribution, etc. GUWAHATI
Name of publisher, distributor, etc. AHSEC
300 ## - PHYSICAL DESCRIPTION
Extent 223:
Dimensions 20CM.
942 ## - ADDED ENTRY ELEMENTS (KOHA)
Koha item type Books
653 ## - INDEX TERM--UNCONTROLLED
Uncontrolled term Biochemistry
Holdings
Withdrawn status Lost status Damaged status Not for loan Collection code Home library Current library Shelving location Date acquired Full call number Barcode Date last seen Copy number Price effective from Koha item type
        TBCHE Central Library and Information Centre Sibsagar Girls College Central Library and Information Centre Sibsagar Girls College Botany Rack 07.03.1985 572 TAL 11698 27.02.2020 1 27.02.2020 Books
    Damaged   TBCHE Central Library and Information Centre Sibsagar Girls College Central Library and Information Centre Sibsagar Girls College Botany Rack 07.03.1985 572 TAL 11699 27.02.2020 2 27.02.2020 Books


Sibsagar Girl's College © 2020. All rights reserved.
Powered by Koha.
Maintained by Abhijit Borpuzari.